Warzywa z podziałem na kategorie - Statystyki

Ogólne statystyki
  • Ten quiz został rozwiązany 853 razy
  • Średni wynik to 25 z 41
Statystyki odpowiedzi
Wskazówka Odpowiedź % Poprawnych
Cebulowe Cebula
94%
Sałata
93%
Marchew
93%
Strączkowe Fasola
89%
Pomidor
89%
Pietruszka
85%
Ogórek
84%
Groch
80%
Korzeniowe Ziemniak
80%
Burak
79%
Kapustne Brokuł
78%
Czosnek
78%
Kalafior
76%
Rzodkiewka
75%
Por
74%
Pozostałe Papryka
70%
Dynia
65%
Szpinak
65%
Brukselka
63%
Bób
61%
Cukinia
61%
Kalarepa
61%
Szczypiorek
61%
Bakłażan
60%
Kukurydza
54%
Jarmuż
53%
Rukola
52%
Rzepa
52%
Szparagi
48%
Ciecierzyca
46%
Roszponka
45%
Kapusta pekińska
44%
Soczewica
42%
Seler naciowy
41%
Soja
39%
Pasternak
38%
Brukiew
30%
Liściaste Cykoria
30%
Kapusta głowiasta biała
27%
Seler korzeniowy
27%
Kapary
17%
Nie znaleziono quizów pasujących do podanych kryteriów
Rozkład punktacji
Procent ludzi z każdym wynikiem
Percentyl według liczby udzielonych odpowiedzi
Twoja historia wyników
Nie rozwiązałeś tego quizu